Textes francais : niveau 1 : textes, exercices de vocabulaire et de syntaxe entrainement a l'expression ecrite
Αποθηκεύτηκε σε:
| Κύριος συγγραφέας: | |
|---|---|
| Άλλοι συγγραφείς: | |
| Μορφή: | Βιβλίο |
| Γλώσσα: | French |
| Δημοσίευση: |
Paris :
CLE,
1982.
|
| Σειρά: | Francais sans frontieres
|
| Θέματα: | |
| Ετικέτες: |
Προσθήκη ετικέτας
Δεν υπάρχουν, Καταχωρήστε ετικέτα πρώτοι!
|
MARC
| LEADER | 00000cam a2200000 i 4500 | ||
|---|---|---|---|
| 001 | 1/931 | ||
| 008 | 950706s1982 fr | ||| |||| ||fre|| | ||
| 020 | |a 2190330718 | ||
| 035 | |l 10014255 | ||
| 040 | |a GR-MyUa |b gre |e AACR2 | ||
| 041 | 0 | |a fre | |
| 082 | 7 | |a 448.24 |2 (22) | |
| 100 | 1 | |a Baylon, Christian. | |
| 245 | 1 | 0 | |a Textes francais : |b niveau 1 : textes, exercices de vocabulaire et de syntaxe entrainement a l'expression ecrite / |c Christian Baylon, Line Laffond ; illustration: Denise Chabot. |
| 260 | |a Paris : |b CLE, |c 1982. | ||
| 300 | |a 189 σ. : |b εικ. ; |c 22 εκ. | ||
| 490 | 1 | |a (Le francais sans frontieres) | |
| 650 | 0 | 0 | |a French language |x Textbooks for foreign speakers. |
| 650 | 0 | 0 | |a French language |x Grammar |x Problems, exercises, etc. |
| 700 | 1 | |a Laffond, Line. | |
| 830 | 0 | |a Francais sans frontieres | |
| 852 | |a INST |b LESVOS |e 20201006 |h 448.24 BAY |p 005100007971 |q 005100007971 |t BK |y 0 | ||
| 852 | |a INST |b RHODES |e 20201006 |h 448.24 BAY |p 005400000471 |q 005400000471 |t BK |y 0 | ||
| 852 | |a INST |b RHODES |e 20201006 |h 448.24 BAY |p 005400008614 |q 005400008614 |t BK |y 0 | ||
| 922 | |a 1ΕΛΗ |b 199012 |c ΠΠ/109 | ||
| 922 | |a 4ΕΛΗ |b 198806 |c ΧΡΙΣΤΟΔΟΥΛΙΔΟΥ | ||
| 970 | |z 1995/07 | ||